Pokémon - Attacken von Arbok in KA/PU - Statistiken

Allgemein
  • Dieses Quiz wurde 4 mal gespielt
  • Das Durchschnittsergebnis liegt bei 24 aus 70
Antwortstatistiken
Antwort % Korrekt
Biss
100%
Ausdauer
75%
Bodycheck
75%
Donnerzahn
75%
Eiszahn
75%
Feuerzahn
75%
Giftstachel
75%
Giftzahn
75%
Knirscher
75%
Matschbombe
75%
Mülltreffer
75%
Schaufler
75%
Schlangenblick
75%
Toxin
75%
Wickel
75%
Delegator
50%
Dunkelnebel
50%
Entfessler
50%
Giftschock
50%
Grimasse
50%
Horter
50%
Regentanz
50%
Säure
50%
Schlammwoge
50%
Schutzschild
50%
Silberblick
50%
Sonnentag
50%
Verzehrer
50%
Abschlag
25%
Bodyslam
25%
Drachenrute
25%
Einrollen
25%
Erdbeben
25%
Erholung
25%
Fassade
25%
Gifthieb
25%
Giftspitzen
25%
Gigasauger
25%
Gigastoß
25%
Hyperstrahl
25%
Kreideschrei
25%
Lehmschelle
25%
Lehmschuss
25%
Psychobeißer
25%
Raub
25%
Risikotackle
25%
Rülpser
25%
Säurespeier
25%
Schlafrede
25%
Steinhagel
25%
Tera-Ausbruch
25%
Wegbereiter
25%
Blutsauger
0%
Breitseite
0%
Dampfwalze
0%
Felsgrab
0%
Finsteraura
0%
Fruststampfer
0%
Frustventil
0%
Giftschweif
0%
Groll
0%
Krabbelkracher
0%
Leidteiler
0%
Magensäfte
0%
Neck Strike
0%
Samenbomben
0%
Schuppenschuss
0%
Standpauke
0%
Tiefschlag
0%
Wechseldich
0%
Keine übereinstimmenden Quizze gefunden
Verteilung der Resultate
Anzahl Personen mit jedem Resultat
Perzentil nach korrekt beantworteten Fragen
Ihre Resultats-Entwicklung
Sie haben dieses Quiz noch nicht gespielt